000 00944nam a2200241 a 4500
999 _c1804
_d1804
001 1804
003 BD-JhCC
005 20211005134019.0
008 171024s2015 bg |||| |||| 001 0 ben d
020 _a9789849120117
035 _a(BD-JhCC)1804
040 _aBD-JhCC
_dBD-JhCC
041 _aben
082 _a863.44
_bMAR 2015
100 _aমার্কেল, গাব্রিয়েল গার্সিয়া
245 _aকর্নেলকে কউ লেখে না /
_c গাব্রিয়েল গার্সিয়া মার্কেল; রফিক-উম-মুনীর চৌধুরী (অনু.)
260 _aঢাকা :
_bপ্রথমা প্রকাশন,
_c২০১৫.
300 _a৭৮ পৃ . :
_c২১ সেমি.
650 _aSpanish Literature
700 _aচৌধুরী, রফিক-উম-মুনীর
942 _2ddc
_cBK
_02